| 000 | 00787nam a2200205 a 4500 | ||
|---|---|---|---|
| 003 | 0 | ||
| 005 | 20250220140602.0 | ||
| 008 | 111114s19uu xx 00 eng d | ||
| 050 |
_aPGS GV 706.4.E98 _b.M433 2011 |
||
| 100 | _aMatibag, Roberto Martin p. | ||
| 245 |
_aExtent of sports participation and level of aggression of SISC students / _cRoberto Martin P. Matibag. |
||
| 260 |
_aLas PiƱas City, Philippines : _bSouthville International School and Colleges, _c2011. |
||
| 300 |
_a18 pages : _billustrations ; _c28 cm. |
||
| 504 | _aIncludes bibliographical references. | ||
| 650 |
_aSports _vPsychological aspects. |
||
| 650 | _aAggressiveness in children. | ||
| 650 |
_aSports participation _vSocial aspects. |
||
| 650 |
_aStudents _vBehavioral psychology. |
||
| 942 |
_2lcc _cPASS |
||
| 999 |
_c98663 _d98663 |
||